000
00296nam a22001217a 4500
008
230620b xxu||||| |||| 00| 0 eng d
082
_a
309.1
_b
BAL
100
_c
Crril Bailey
245
_a
The Legacy of Rome
260
_a
london
_b
oxford university press
_c
1951
300
_a
512p
942
_2
ddc
_c
BK
999
_c
1463
_d
1463